000 00480cam a2200145 4500500
005 20251228073713.0
041 _afre
042 _adc
100 1 0 _aMaurin, Louis
_eauthor
245 0 0 _aBulletin de la société française d'archéologie classique
260 _c2006.
500 _a35
786 0 _nRevue archéologique | 41 | 1 | 2006-03-01 | p. 189-220 | 0035-0737
856 4 1 _uhttps://shs.cairn.info/revue-archeologique-2006-1-page-189?lang=fr&redirect-ssocas=7080
999 _c1595761
_d1595761